All Marvel Avengers Ranked - Statistics

General Stats
  • This quiz has been taken 105 times
    91 since last reset
  • The average score is 18 of 23
Answer Stats
Rank Answer % Correct
1. Captain America
100%
3. Iron Man
99%
4. Thor
97%
10. Black Widow
94%
9. Hulk
94%
6. Hawkeye
90%
2. Spider-Man
86%
5. Black Panther
82%
20. Captain Marvel
80%
13. Scarlet Witch
80%
19. Doctor Strange
77%
17. Gamora
76%
12. Star-Lord
76%
8. Winter Soldier
76%
7. Falcon
75%
14. Groot
75%
11. Ant-Man
73%
16. Rocket Raccoon
72%
18. War Machine
72%
22. Wasp
70%
15. Drax the Destroyer
69%
23. Nebula
65%
21. Wong
46%
No matching quizzes found
Score Distribution
Percent of People with Each Score
Percentile by Number Answered
Your Score History
You have not taken this quiz since the last reset